| 000 | 00752cam a2200217 4500 | ||
|---|---|---|---|
| 001 | WS114651 | ||
| 008 | 010919n 000 0 eng u | ||
| 035 | _a(Sirsi) u114651 | ||
| 110 |
_aDepartment for Environment, Food and Rural Affairs _94094 |
||
| 245 | _aDEFRA : Food and drink | ||
| 520 | _aWeb pages for this government departments work on the food industry. Includes details on marketing, exporting, labelling and protection of food names. | ||
| 650 | _aGOVERNMENT | ||
| 650 | _aEGGS | ||
| 650 | _aPOULTRY | ||
| 650 | _aLABELLING | ||
| 650 | _aBEEF | ||
| 650 | _aFOOD CHAIN GROUP | ||
| 690 |
_aRural _96268 |
||
| 856 | 4 | 0 |
_uhttps://www.defra.gov.uk/foodrin/fdindx.htm _zView the website free of charge at www.defra.gov.uk... |
| 942 | _n0 | ||
| 999 |
_c119894 _d119894 |
||